000 00925nam a22002771 4500
001 38065
003 BD-RjUL
005 20211209052721.0
008 150903s1964 nyub b 000 0 eng
035 _a(BD-RjUL)38170
040 _aDLC
_cDLC
_dDLC
_dBD-RjUL
_beng
041 _aeng
082 0 0 _a354.59
_bKAG 1964
100 _aKahin, George McTurnan,
_9117852
245 1 0 _aGovernments and politics of Southeast Asia /
_cGeorge McTurnan Kahin ; Contributors David A. Wilson... [et al.]
250 _a2d ed.
260 _aIthaca, N.Y. :
_bCornell University Press,
_c1964.
300 _axvii, 796 p. :
_bill. maps (2 fold.) ;
_c24 cm.
504 _aIncludes bibliographies.
651 0 _aSoutheast Asia
_xPolitics and government
_y1945-
_9117841
651 0 _aSoutheast Asia
_xSocial conditions.
_9117842
700 _aWilson, David A.
_9117844
942 _2ddc
_cBK
999 _c38065
_d38065